|
|
|
|
| LEADER |
00000nam2a2200000 4500 |
| 001 |
197427 |
| 005 |
20231101224744.0 |
| 010 |
|
|
|a 9785996305360
|
| 035 |
|
|
|a (RuTPU)RU\TPU\book\215357
|
| 090 |
|
|
|a 197427
|
| 100 |
|
|
|a 20110610d2013 m y0rusy50 ca
|
| 101 |
0 |
|
|a rus
|
| 102 |
|
|
|a RU
|
| 105 |
|
|
|a a j 000zy
|
| 200 |
0 |
|
|a Ч. 2: Задачи
|
| 210 |
|
|
|d 2013
|
| 215 |
|
|
|a 263 с.
|c ил.
|
| 330 |
|
|
|a В учебном пособии, написанном преподавателями химического факультета МГУ им. М. В. Ломоносова, изложены современные теоретические основы химической термодинамики и химической кинетики, рассмотрены их практические приложения. По сравнению с первым (Экзамен, 2005) новое издание существенно переработано и дополнено. Книга состоит из двух частей: в первой— теория, во второй — задачи, вопросы, упражнения, а также таблицы физико-химических данных, основные формулы, математический минимум. Ко всем задачам даны ответы или указания к решению. Для студентов и преподавателей университетов и технических вузов, а также профильных химических школ.
|
| 461 |
|
1 |
|0 (RuTPU)RU\TPU\book\249756
|y 978-5-9963-0377-9
|t Основы физической химии
|o учебное пособие для вузов
|o в 2 ч.
|f В. В. Еремин [и др.]
|v Ч. 2: Задачи
|e 2-е изд., перераб. и доп.
|d 2013-
|s Учебник для высшей школы
|
| 606 |
1 |
|
|a Физическая химия
|2 stltpush
|3 (RuTPU)RU\TPU\subj\67669
|9 83390
|
| 610 |
1 |
|
|a учебные пособия
|
| 610 |
1 |
|
|a задачи
|
| 610 |
1 |
|
|a химическая термодинамика
|
| 610 |
1 |
|
|a электрохимия
|
| 610 |
1 |
|
|a статистическая термодинамика
|
| 610 |
1 |
|
|a химическая кинетика
|
| 610 |
1 |
|
|a неравновесная термодинамика
|
| 675 |
|
|
|a 544(075.8)
|v 3
|
| 801 |
|
1 |
|a RU
|b 63413507
|c 20110610
|
| 801 |
|
2 |
|a RU
|b 63413507
|c 20210730
|g RCR
|
| 942 |
|
|
|c BK
|
| 959 |
|
|
|a 60/20110607
|d 2
|e 0,00
|f ЧЗТЛ:1
|f АНЛ:1
|